[Event "Pretoria USSA op"]
[Site "Pretoria"]
[Date "2013.12.06"]
[Round "9"]
[White "Pienaar, Jean J"]
[Black "Huo, Jiajian"]
[Result "0-1"]
[WhiteElo "1502"]
[BlackElo "1679"]
[PlyCount "38"]
[EventDate "2013.12.02"]
[EventType "swiss"]
[EventRounds "9"]
[EventCountry "RSA"]
[SourceTitle "CBM 158 Extra"]
[Source "ChessBase"]
[SourceDate "2014.02.28"]
[SourceVersion "1"]
[SourceVersionDate "2014.02.28"]
[SourceQuality "1"]

1. e4 c5 2. Nf3 Nc6 3. d4 cxd4 4. Nxd4 g6 5. c3 Bg7 6. Be3 Nf6 7. Nd2 0-0 8. Bc4 d5 9. exd5 Nxd5 10. Nxc6 bxc6 11. Bxd5 cxd5 12. 0-0 e5 13. Nb3 a5 14. Bc5 Re8 15. Ba3 Bb7 16. Re1 Qc7 17. Rc1 Rad8 18. Re2 Ba6 19. Rd2 Bh6 0-1